Alliance Politics/ (Record no. 13109)
[ view plain ]
| 000 -LEADER | |
|---|---|
| fixed length control field | 01035cam a2200265 4500 |
| 001 - CONTROL NUMBER | |
| control field | 834233 |
| 005 - DATE AND TIME OF LATEST TRANSACTION | |
| control field | 19920618114954.5 |
| 008 - FIXED-LENGTH DATA ELEMENTS--GENERAL INFORMATION | |
| fixed length control field | 700629s1970 nyu b 001 0 eng |
| 010 ## - LIBRARY OF CONGRESS CONTROL NUMBER | |
| LC control number | 77120855 |
| 020 ## - INTERNATIONAL STANDARD BOOK NUMBER | |
| International Standard Book Number | 0231030665 |
| 040 ## - CATALOGING SOURCE | |
| Original cataloging agency | DLC |
| Transcribing agency | DLC |
| Modifying agency | DLC |
| 050 00 - LIBRARY OF CONGRESS CALL NUMBER | |
| Classification number | E183.8.G7 |
| Item number | N47 1970 |
| 082 00 - DEWEY DECIMAL CLASSIFICATION NUMBER | |
| Classification number | 327.73042 |
| Edition number | 22 |
| Item number | NEU |
| 100 1# - MAIN ENTRY--PERSONAL NAME | |
| Personal name | Neustadt, Richard E. |
| 9 (RLIN) | 10244 |
| 245 10 - TITLE STATEMENT | |
| Title | Alliance Politics/ |
| Statement of responsibility, etc | Richard E. Neustadt. |
| 260 ## - PUBLICATION, DISTRIBUTION, ETC. (IMPRINT) | |
| Place of publication, distribution, etc | New York, |
| Name of publisher, distributor, etc | Columbia University Press,1970 |
| Date of publication, distribution, etc | 1970. |
| 300 ## - PHYSICAL DESCRIPTION | |
| Extent | xii, 167 p.; |
| Dimensions | 22 cm. |
| 500 ## - GENERAL NOTE | |
| General note | Donated by Alaa AbdEl Ghany |
| 504 ## - BIBLIOGRAPHY, ETC. NOTE | |
| Bibliography, etc | Includes bibliographical references. |
| 651 #0 - SUBJECT ADDED ENTRY--GEOGRAPHIC NAME | |
| Geographic name | United States |
| General subdivision | Foreign relations |
| Chronological subdivision | 1945-1989. |
| 9 (RLIN) | 10245 |
| 651 #0 - SUBJECT ADDED ENTRY--GEOGRAPHIC NAME | |
| Geographic name | United States |
| General subdivision | Foreign relations |
| Geographic subdivision | Great Britain. |
| 9 (RLIN) | 10246 |
| 651 #0 - SUBJECT ADDED ENTRY--GEOGRAPHIC NAME | |
| Geographic name | Great Britain |
| General subdivision | Foreign relations |
| Geographic subdivision | United States. |
| 9 (RLIN) | 10247 |
| 942 ## - ADDED ENTRY ELEMENTS (KOHA) | |
| Source of classification or shelving scheme | Dewey Decimal Classification |
| Item type | Book - Borrowing |
| Withdrawn status | Item status | Source of classification or shelving scheme | Damaged status | Not for loan | Vendor | Home library | Current library | Shelving location | Date acquired | Source of acquisition | Total Checkouts | Total Renewals | Full call number | Barcode | Date last seen | Date last borrowed | Koha item type |
|---|---|---|---|---|---|---|---|---|---|---|---|---|---|---|---|---|---|
| Dewey Decimal Classification | Central Library | Central Library | First floor | 06/01/2010 | Donation | 2 | 1 | 327.73042 NEU | 000019429 | 15/07/2025 | 05/05/2014 | Book - Borrowing |